Arithmetique, algebre, modelisation: etapes d'une recherche

Zapisane w:
Opis bibliograficzny
1. autor: Chevallard, Yves (Autor)
Format: Książka
Język:francuski
Wydane: París IREM 1989
Hasła przedmiotowe:
Etykiety: Dodaj etykietę
Nie ma etykietki, Dołącz pierwszą etykiete!

MARC

LEADER 00000nam a2200000 a 4500
001 UCM8374
003 CL-VaPUC
008 030314e19890000fr |||||||||||||||||fre|d
082 0 4 |a 512  |b CHE  |2 21 
100 0 |a Chevallard, Yves  |e author  |9 474394 
245 1 0 |a Arithmetique, algebre, modelisation: etapes d'une recherche 
300 |a 344 p 
942 |c BK 
945 |d 20030314 00:00:00  |a rbrito 
260 |a París  |b IREM  |c 1989 
650 0 |a Matemática  |9 260235 
650 0 |a Álgebra  |9 259567 
650 0 |a Matemáticas  |x Enseñanza  |9 875527 
583 |a last modification  |c 20171205 05:54:18  |k Rodrigo Vera 
999 |c 302897  |d 302895 
952 |0 0  |1 0  |4 0  |6 512_000000000000000_CHE_1989  |7 0  |8 A  |9 363728  |a BIBMAT  |b BIBMAT  |d 2019-11-21  |i 3804232  |o 512 CHE 1989  |p 3804232  |r 2025-01-07  |w 2019-11-21  |y BK  |k MAT